Statistics for A to Z Triple Letter Abbreviations

Click here to take the quiz!

General Stats

  • This quiz has been taken 17 times
  • The average score is 7 of 19

Answer Stats

LetterDescriptionAnswer% Correct
KKKWhite supremacist hate groupKu Klux Klan
87%
CCCGirl scouts sell theseChocolate Chip Cookies
80%
GGGSaid at the end of an auction chantGoing, going, gone
73%
AAACar owners belong to thisAmerican Automobile Association
60%
BBBMarketplace trustBetter Business Bureau
60%
OOOEg. broken vending machineOut of order
60%
WWWTim Berners-LeeWorld Wide Web
53%
IIINed from Groundhog Day sells thisInsurance Information Institute
47%
RRRSave the planetReduce Reuse Recycle
47%
VVVI came, I saw, I conqueredVeni, Vidi, Vici
47%
TTTNoughts and crossesTic Tac Toe
33%
FFFFought for Charles de GaulleFree French Forces
27%
DDDWhat teachers and parents sayDon't Do Drugs
20%
HHHCommon greetingsHi, Hello, and How Are You?
20%
EEEGamers go to this eventElectronic Entertainment Expo
7%
LLLWhat we all areLife Long Learner
7%
PPPBasket of goodsPurchasing Power Parity
7%
SSSLarge margin of errorSmall Sample Size
7%
MMMShaves in the dark trying to save paperMean Mister Mustard
0%

Score Distribution

Percentile by Number Answered

Percent of People with Each Score

Your Score History

You have not taken this quiz